|
|
|
|
| LEADER |
00000nab a2200000u 4500 |
| 001 |
vtls011764408 |
| 003 |
SK-MaSNL |
| 005 |
20260303082120.0 |
| 008 |
180627|20180622xo ||||||| ||00 ||slo| |
| 038 |
|
|
|a KEVKJB
|
| 040 |
|
|
|a KEVKJB
|b slo
|e rda
|
| 041 |
0 |
|
|a slo
|
| 043 |
|
|
|a e-xo---
|
| 044 |
|
|
|a xo
|c SK
|
| 072 |
|
7 |
|a 796
|x Šport. Hry. Telesné cvičenia
|2 konspekt
|
| 080 |
|
|
|a 796.332
|2 2011
|
| 100 |
1 |
|
|a Tóth, Tomáš
|4 aut
|9 822529
|
| 245 |
1 |
0 |
|a Po fúzii TJ FK Vyšné Opátske a FK Barca vznikol FC Košice!
|b nový klub bude štartovať v tretej lige, domovským stánkom je štadión v Čermeli
|c Tomáš Tóth
|
| 300 |
|
|
|b Fotografie
|
| 336 |
|
|
|a text
|b txt
|2 rdacontent
|
| 337 |
|
|
|a bez média
|b n
|2 rdamedia
|
| 338 |
|
|
|a zväzok
|b nc
|2 rdacarrier
|
| 610 |
2 |
7 |
|a FK Barca
|2 kevkjb
|9 29781
|
| 610 |
2 |
7 |
|a TJ FK Vyšné Opátske
|2 kevkjb
|9 1086508
|
| 610 |
2 |
7 |
|a FC Košice
|2 kevkjb
|9 51507
|
| 650 |
0 |
7 |
|a futbal
|2 kevkjb
|9 3291
|
| 650 |
0 |
7 |
|a futbalové kluby
|2 kevkjb
|9 70395
|
| 651 |
|
7 |
|a Košice (Slovensko)
|2 kevkjb
|9 18694
|
| 773 |
0 |
|
|t KOŠICE:DNES
|g Roč. 5, č. 120 (22.6.2018), s. 15
|x 1339-7605
|
| 852 |
|
|
|a KEVKJB
|b KIS3GCP
|
| 856 |
4 |
1 |
|u https://kosicednes.sk/futbal/po-fuzii-tj-fk-vysne-opatske-fk-barca-vznikol-fc-kosice/
|
| 999 |
|
|
|c 1786849
|d 1788779
|